| 000 -LEADER |
| fixed length control field |
01350cam a2200409Ia 4500 |
| 001 - CONTROL NUMBER |
| control field |
7697582 |
| 003 - CONTROL NUMBER IDENTIFIER |
| control field |
USPCAS-E |
| 005 - DATE AND TIME OF LATEST TRANSACTION |
| control field |
20180118181414.0 |
| 006 - FIXED-LENGTH DATA ELEMENTS--ADDITIONAL MATERIAL CHARACTERISTICS |
| fixed length control field |
m d |
| 007 - PHYSICAL DESCRIPTION FIXED FIELD--GENERAL INFORMATION |
| fixed length control field |
cr n |
| 008 - FIXED-LENGTH DATA ELEMENTS--GENERAL INFORMATION |
| fixed length control field |
040528s2004 enka s 001 0 eng d |
| 020 ## - INTERNATIONAL STANDARD BOOK NUMBER |
| International Standard Book Number |
0750663979 |
| 020 ## - INTERNATIONAL STANDARD BOOK NUMBER |
| International Standard Book Number |
0080455980 |
| 035 ## - SYSTEM CONTROL NUMBER |
| System control number |
(WaSeSS)ssj0000225908 |
| 040 ## - CATALOGING SOURCE |
| Original cataloging agency |
CaPaEBR |
| Transcribing agency |
CaPaEBR |
| Modifying agency |
WaSeSS |
| 050 #4 - LIBRARY OF CONGRESS CALL NUMBER |
| Classification number |
TK1001 |
| Item number |
.H49 2004eb |
| 050 #4 - LIBRARY OF CONGRESS CALL NUMBER |
| Classification number |
TK1005 |
| 082 ## - DEWEY DECIMAL CLASSIFICATION NUMBER |
| Edition number |
22 |
| Classification number |
621.317 |
| Author Mark |
HEW-P 2005 |
| 100 1# - MAIN ENTRY--PERSONAL NAME |
| Personal name |
Hewitson, Les. |
| 210 10 - ABBREVIATED TITLE |
| Abbreviated title |
Practical power system protection |
| 245 10 - TITLE STATEMENT |
| Title |
Practical power system protection |
| Medium |
[electronic resource] / |
| Statement of responsibility, etc. |
Les Hewitson, Mark Brown, Ben Ramesh. |
| 250 ## - EDITION STATEMENT |
| Edition statement |
4th ed. |
| 260 ## - PUBLICATION, DISTRIBUTION, ETC. |
| Place of publication, distribution, etc. |
Oxford ; |
| -- |
Burlington, MA : |
| Name of publisher, distributor, etc. |
Elsevier /Newnes, |
| Date of publication, distribution, etc. |
c2004. |
| 500 ## - GENERAL NOTE |
| General note |
Includes index. |
| 502 ## - DISSERTATION NOTE |
| Dissertation note |
0 |
| 506 ## - RESTRICTIONS ON ACCESS NOTE |
| Terms governing access |
License restrictions may limit access. |
| 650 #0 - SUBJECT ADDED ENTRY--TOPICAL TERM |
| Topical term or geographic name entry element |
Electric power systems. |
| 650 #0 - SUBJECT ADDED ENTRY--TOPICAL TERM |
| Topical term or geographic name entry element |
Electrical engineering. |
| 655 #7 - INDEX TERM--GENRE/FORM |
| Genre/form data or focus term |
Electronic books. |
| Source of term |
local |
| 700 1# - ADDED ENTRY--PERSONAL NAME |
| Personal name |
Brown, Mark. |
| 700 1# - ADDED ENTRY--PERSONAL NAME |
| Personal name |
Ramesh, Ben. |
| 710 2# - ADDED ENTRY--CORPORATE NAME |
| Corporate name or jurisdiction name as entry element |
ebrary, Inc. |
| 773 #0 - HOST ITEM ENTRY |
| Title |
Referex Electronics and Electrical Engineering |
| 856 40 - ELECTRONIC LOCATION AND ACCESS |
| Uniform Resource Identifier |
<a href="http://www.columbia.edu/cgi-bin/cul/resolve?clio7697582">http://www.columbia.edu/cgi-bin/cul/resolve?clio7697582</a> |
| Public note |
Full text available from Referex Electronics and Electrical Engineering |
| 910 ## - USER-OPTION DATA (OCLC) |
| User-option data |
Vendor-generated brief record |
| 942 ## - ADDED ENTRY ELEMENTS (KOHA) |
| Source of classification or shelving scheme |
|
| Koha item type |
Book |